Score 0/9 Timer 03:00
1 Play Today
TV/Films Actress % Correct
Film #1 & #2Drew Barrymore
87.7%
TV Series (1976-1980)Farrah Fawcett-Majors
87%
Film #1 & #2Lucy Liu
85%
Film #1 & #2Cameron Diaz
84.8%
TV Series (1976-1979)Kate Jackson
61.5%
TV Series (1976-1981)Jaclyn Smith
61.3%
TV Series (1977-1981)Cheryl Ladd
50.3%
TV Series (1980-1981)Tanya Roberts
25.1%
TV Series (1979-1980)Shelley Hack
20.9%

You're not logged in!

Compare scores with friends on all Sporcle quizzes.
OR
Log In

Sporcle TV

Today on Sporcle TV


Watch our educational content, quiz creation guides, and fun videos on Sporcle TV.

Show Comments

Extras

Top Quizzes Today


Score Distribution

Paid Content

Your Account Isn't Verified!

In order to create a playlist on Sporcle, you need to verify the email address you used during registration. Go to your Sporcle Settings to finish the process.

Report this User

Report this user for behavior that violates our Community Guidelines.

Details: